Covid-19 (Registro nro. 325751)
[ vista simple ]
| 000 -ENCABEZADO | |
|---|---|
| Número de control [NR] | 01522nam a22003497a 4500 |
| 005 - FECHA Y HORA DE LA ÚLTIMA TRANSACCIÓN | |
| control field | 20250911113311.0 |
| 008 - DE LONGITUD FIJA DE DATOS DE ELEMENTOS - INFORMACIÓN GENERAL | |
| Elementos de longitud fija [NR] | 250911t ||||| |||| 00| 0 spa d |
| 020 ## - NUMERO INTERNACIONAL NORMALIZADO PARA LIBROS [R] | |
| Número Internacional Normalizado del libro [NR] | 9786287542235 |
| 040 ## - FUENTE DE CATALOGACION [NR] | |
| Agencia de catalogación original [NR] | CO-BoUCM |
| Quien Cataloga | David Moreno |
| Quien Clasifica | David Moreno |
| 041 ## - CODIGO DE IDIOMA [R] | |
| Código de idioma para texto/pista de sonido o título separado [R] | Español |
| 060 ## - SIGNATURA TOPOGRAFICA DE LA BIBLIOTECA NACIONAL DE MEDICINA (NLM) [R] | |
| Número clasificador [R] | WC 506 |
| 245 00 - MENCION DE TITULO [NR] | |
| Título [NR] | Covid-19 |
| Parte restante del título [NR] | Historia y desafíos médicos de una pandemia |
| Mención de responsabilidad, etc. [NR] | Mauricio Pérez G. |
| 250 ## - MENCION DE EDICION [NR] | |
| Mención de edición [NR] | 1a.Ed |
| 260 ## - PUBLICACION, DISTRIBUCION, ETC. (PIE DE IMPRENTA) [R] | |
| Lugar de publicación, distribución, etc. [R] | Bogotá, Colombia |
| Nombre del editor, distribuidor, etc. [R] | Villegas editores; Panamericana Formas e Impresos S. A |
| Fecha de publicación, distribución, etc. [R] | 2024 |
| 300 ## - DESCRIPCION FISICA [R] | |
| Extensión [R] | LII, 469 Paginas |
| Otros detalles físicos [NR] | ilustraciones a color |
| 650 14 - ASIENTO SECUNDARIO DE MATERIA - TERMINO TEMATICO [R] | |
| Término temático o nombre geográfico como elemento de entrada [NR] | COVID-19 |
| Subdivisión general [R] | Enfermedades infecciosas |
| 9 (RLIN) | 186850 |
| 650 14 - ASIENTO SECUNDARIO DE MATERIA - TERMINO TEMATICO [R] | |
| Término temático o nombre geográfico como elemento de entrada [NR] | Coronavirus |
| Subdivisión general [R] | Enfermedades virales |
| 9 (RLIN) | 186851 |
| 650 14 - ASIENTO SECUNDARIO DE MATERIA - TERMINO TEMATICO [R] | |
| Término temático o nombre geográfico como elemento de entrada [NR] | Pandemias |
| Subdivisión general [R] | Historia de la medicina |
| 9 (RLIN) | 186852 |
| 650 14 - ASIENTO SECUNDARIO DE MATERIA - TERMINO TEMATICO [R] | |
| Término temático o nombre geográfico como elemento de entrada [NR] | Epidemiología |
| Subdivisión general [R] | Desafíos médicos |
| 9 (RLIN) | 186853 |
| 650 14 - ASIENTO SECUNDARIO DE MATERIA - TERMINO TEMATICO [R] | |
| Término temático o nombre geográfico como elemento de entrada [NR] | Sistemas de salud |
| Subdivisión general [R] | Respuesta sanitaria |
| 9 (RLIN) | 186854 |
| 650 14 - ASIENTO SECUNDARIO DE MATERIA - TERMINO TEMATICO [R] | |
| Término temático o nombre geográfico como elemento de entrada [NR] | Prevención y control |
| Subdivisión general [R] | Vacunas contra COVID-19 |
| 9 (RLIN) | 186855 |
| 650 14 - ASIENTO SECUNDARIO DE MATERIA - TERMINO TEMATICO [R] | |
| Término temático o nombre geográfico como elemento de entrada [NR] | Impacto social y sanitario |
| Subdivisión general [R] | Crisis global de salud pública |
| 9 (RLIN) | 186856 |
| 650 14 - ASIENTO SECUNDARIO DE MATERIA - TERMINO TEMATICO [R] | |
| Término temático o nombre geográfico como elemento de entrada [NR] | Medicina contemporánea |
| Subdivisión general [R] | Lecciones aprendidas de la pandemia |
| 9 (RLIN) | 186857 |
| 650 14 - ASIENTO SECUNDARIO DE MATERIA - TERMINO TEMATICO [R] | |
| Término temático o nombre geográfico como elemento de entrada [NR] | Bioseguridad |
| Subdivisión general [R] | Salud pública internacional |
| 9 (RLIN) | 186858 |
| 700 1# - ASIENTO SECUNDARIO - NOMBRE PERSONAL [R] | |
| Nombre personal [NR] | Pérez G. Mauricio; Director Médico Científico Tecnoquímicas |
| Término de relación [R] | editor |
| 9 (RLIN) | 170469 |
| 700 1# - ASIENTO SECUNDARIO - NOMBRE PERSONAL [R] | |
| Nombre personal [NR] | Chaparro M., Manuel |
| 9 (RLIN) | 186845 |
| 700 1# - ASIENTO SECUNDARIO - NOMBRE PERSONAL [R] | |
| Nombre personal [NR] | Coronado, Enrique |
| 9 (RLIN) | 186846 |
| 700 1# - ASIENTO SECUNDARIO - NOMBRE PERSONAL [R] | |
| Nombre personal [NR] | Hurtado, Jorge Enrique |
| 9 (RLIN) | 186847 |
| 710 ## - ASIENTO SECUNDARIO - NOMBRE CORPORATIVO [R] | |
| Nombre corporativo o de jurisdicción como elemento de entrada [NR] | Tecnoquímicas (TQ) |
| 9 (RLIN) | 186849 |
| 710 ## - ASIENTO SECUNDARIO - NOMBRE CORPORATIVO [R] | |
| Nombre corporativo o de jurisdicción como elemento de entrada [NR] | Academia Nacional de Medicina |
| 9 (RLIN) | 3836 |
| 942 ## - ELEMENTOS DE ENTRADA AGREGADOS (KOHA) | |
| Sistema de clasificación | NLM |
| Tema principal | Ciencias de la salud |
| Tipo de ítem principal el descrito en 300a | Libro |
| Edición | 1 |
| Clasificación | WC 506 |
| Parte restante de la signatura top. | P438c |
| Título oculto en OPAC | No |
| Fecha de último préstamo | Total préstamos | Total Renewals | Signatura topográfica | Código de barras | Prestado | Última vez visto | Ejemplar | Costo de reposición | Price effective from | Tipo de ítem | Perdido | Sistema de clasificación | Dañado | No prestable | Tipo de ítem específico | Suprimido | Ubicación habitual | Ubicación actual | Localización | Fecha de creación | Forma de adquisición |
|---|---|---|---|---|---|---|---|---|---|---|---|---|---|---|---|---|---|---|---|---|---|
| 22/01/2026 | 1 | 6 | WC 506 P438c | 100174371 | 30/12/2026 | 22/01/2026 | Ej.1 | 26000.00 | 11/09/2025 | Libro | NLM | Libro | Quinta de Mutis | Quinta de Mutis | 2do piso | 11/09/2025 | Donación |